The Profits of the Cross
| Titel: | The Profits of the Cross : Merchant Imvolvement in the Baltic Crusade (c. 1180-1230) |
|---|---|
| In: |
The North-Eastern frontiers of Medieval Europe, (2014), Seite 329-351 alle Artikel anzeigen |
| Veröffentlicht: | 2014 |
| Format: | Aufsatz |
| Sprache: | Englisch |
X
alg: 39278861
001A $01999:11-11-16
001B $01999:06-04-21 $t20:52:03.000
001D $01999:11-11-16
001U $0utf8
001X $00
002@ $0Aox
003@ $0392788616
007A $0392788616 $aHEB
007T $0Herdc0104871m
010@ $aeng
011@ $a2014
021A $aThe @Profits of the Cross $dMerchant Imvolvement in the Baltic Crusade (c. 1180-1230)
031A $h329-351 $j2014
037A $aZuvor erschienen in: Journal of Medieval History Bd. 32 (2006) 163-185
039B $aIn $8--Aau--. The @North-Eastern frontiers of Medieval Europe. - Farnham {[u.a.] : Ashgate, 2014. - XLIX, 389 S.. - Ill., graph. Darst., Kt.. - ISBN 978-1-4094-3680-5 $x201400000000000671 $9308263383
045F $a900.947980902 $eDDC23BSB
045F/01 $a900
045F/03 $f0902
045F/03 $g4798
045F/03 $g4796
lok: 39278861 78
exp: 39278861 78 1 #EPN
201B/01 $001-03-19 $t22:51:46.000
201U/01 $0utf8
203@/01 $0788898787
208@/01 $a11-11-16 $be
209A/01 $a/ $f000 $x00
220C/01 $aTitelaufnehmer: kk
220C/01 $aHerkunft: HI Marburg
244Z/01 $2Trx $#Estija $#Igaunija $#Estland $#Estonia $#Estonia $#Estónsko $#Estonsko $8--Trx--Eesti $x01 $9391237225
244Z/01 $2Trx $#Latvija $#Lettland $#Łotwa $#Lotyšsko $8--Trx--Latvija $x02 $9391275879
244Z/01 $#Liivimaa $#Vidzeme $#Livonija $#Vidzeme $#Livonia $#Inflanty $74036075-1 $8--Tg1--Livland $x03 $9085097721
244Z/01 $#Riga $#Rīga $#Ryga $#Riega $#Riga in Lieffland $#Rigae Livonum $#Rygae $#Righa $74050042-1 $8--Tg1--Riga $x04 $9085139726
244Z/01 $aGeschichte 1180-1230 $x05
244Z/01 $2Trx $#Albert von Bekeshovede $#Albrecht von Apeldern $8--Trx--$PAlbert von Buxhoeveden$Z1165-1229 $x06 $9390621056
244Z/01 $2Trx $#ordud Saksa Ordu $#ordinas kryžiuočių $#order Teutonic Knights $#rendek Német Lovagrend $#zakony, krzyżacy $#rád, nemeckí rytieri $#řád, němečtí rytíři $#Deutscher Orden $#Ritterorden $#zakon krzyżacki $#zakon niemiecki $#nemeckí rytieri $8--Trx--Orden$gDeutscher Orden $x07 $9391363204
244Z/01 $2Trx $#ristiusustamine $#christianizacija $#christian missons $#keresztényesítés $#chrystianizacja $#christianizácia $#christianizace $8--Trx--Christianisierung $x08 $9391365525
244Z/01 $2Trx $#hansaliit $#Hanza $#Hanseatic League $#Hanza-Szövetség $#Hanza $#hanza $#hanza $8--Trx--Hanse $x09 $9391375512
244Z/01 $2Trx $#kaupmehed $#pirkliai $#merchants $#üzletemberek $#kupcy $#kupci $#kupci $8--Trx--Kaufleute $x10 $9391367129
244Z/01 $2Trx $8--Trx--Einzelbeiträge $x11 $9391384570
245Z/01 $a06.02 $x01
247C/01 $82080>Marburg/Lahn, Herder-Institut, Forschungsbibliothek, Bibliographieportal $9336309341
| LEADER | 00000caa a22000002c 4500 | ||
|---|---|---|---|
| 001 | 392788616 | ||
| 003 | DE-603 | ||
| 005 | 20210406205203.0 | ||
| 007 | tu | ||
| 008 | 161111s2014 xx |||| | u00||u|eng c | ||
| 035 | |a (DE-599)HEB392788616 | ||
| 040 | |a DE-603 |b ger |c DE-603 |d DE-603 | ||
| 041 | |a eng | ||
| 082 | 0 | 4 | |8 1\u |a 900.947980902 |q DE-101 |2 23/BSB |
| 085 | |8 1\u |b 900 | ||
| 085 | |8 1\u |z 1 |s 0902 | ||
| 085 | |8 1\u |z 2 |s 4798 | ||
| 085 | |8 1\u |z 2 |s 4796 | ||
| 245 | 0 | 0 | |a The Profits of the Cross |b Merchant Imvolvement in the Baltic Crusade (c. 1180-1230) |
| 264 | 0 | |c 2014 | |
| 500 | |a Zuvor erschienen in: Journal of Medieval History Bd. 32 (2006) 163-185 | ||
| 773 | 0 | 8 | |i In |t The North-Eastern frontiers of Medieval Europe |d Farnham [u.a.] : Ashgate, 2014 |h XLIX, 389 S., Ill., graph. Darst., Kt. |z 9781409436805 |g (2014), Seite 329-351 |w (DE-603)308263383 |
| 924 | 0 | |9 2080 |a (DE-603)788898787 |b DE-2080 |c HES |d d |g / | |


